| 000 | 00949nam a2200205 i 4500 | ||
|---|---|---|---|
| 001 | 158728 | ||
| 003 | ES-MaACL | ||
| 005 | 20251011063144.0 | ||
| 008 | 010326s1884 fr |||| | fre d | ||
| 040 |
_aCCPB | B _bspa _cCCPB | B |
||
| 100 | 1 |
_aMarga, Anatole, _d1843-1906 _9129484 |
|
| 245 | 1 | 0 |
_aGéographie militaire. _nDeuxième partie, _pPrincipaux états de l'Europe / _cpar A. Marga. |
| 250 | _a3ème éd. rev. et corr. | ||
| 260 |
_aParis : _bBeger-Levrault, _c1884. |
||
| 300 |
_a4 v. (317, 347, VII, 303 p. VIII p., 148 h. de mapas) : _bil. ; _c24 y 30 cm. |
||
| 505 | 8 | _aContiene: T. I: Petits États du centre de l'Europe. Allemagne -- II. Autriche-Hongrie. Italie -- T. III. Péninsule des Balkans, Russie, Asie Russe, Angleterre -- Atlas | |
| 651 | 4 |
_aEuropa- _xGeografía militar. _9160829 |
|
| 852 |
_aES-MaACL _jC-2060-62 y C-2064 _z-- Enc. hol. _x-- Edic.: Atlas (VIII p., 148 h. de mapa) |
||
| 999 |
_c158728 _d158728 |
||